01376nam a2200157 a 450000100080000000500110000800800410001910000170006024501020007726000330017930000090021252009530022165300140117465300170118865300130120511272092018-04-05 2018 bl uuuu t 00u1 u #d1 aSILVA, B. C. aRelat??riobI ENCONTRO CATARINENSE DE GERENCIAMENTO GEN??TICO DE TIL??PIA.h[electronic resource] aFlorian??polis: Epagric2018 a6 p. aO I Encontro Catarinense de Gerenciamento Gen??tico de Til??pia ocorreu nos dias 5 e 6 de setembro na Associa????o dos Funcion??rios da Epagri de Itaja?? (AFEI), localizado a Rod. Antonio Heil, 6800, no bairro Itaipava em Itaja??-SC. O evento proporcionou o encontro de profissionais t??cnicos, produtores comerciais e presidentes de associa????es que fazem parte da cadeia produtiva da piscicultura de Santa Catarina, juntamente com os palestrantes convidados para a discuss??o do tema de gerenciamento gen??tico da til??pia, levando a maior compreens??o deste p??blico sobre o assunto. O encontro tamb??m ajudou a divulgar o programa de melhoramento gen??tico de til??pia da Epagri para a cadeia produtiva, auxiliando o projeto a atingir o seu objetivo que ?? fomentar a piscicultura catarinense atrav??s do fornecimento de matrizes melhoradas geneticamente para os produtores de alevino do Estado que, em sua maioria, s??o produtores familiares. agen??tica areprodu????o aTil??pia